| 000 | 00790cam a2200241 i 4500 | ||
|---|---|---|---|
| 999 |
_c200442158 _d60370 |
||
| 001 | 200442158 | ||
| 003 | TR-AnTOB | ||
| 005 | 20240917101128.0 | ||
| 007 | ta | ||
| 008 | 091229s tu a $r01 $$$$ ttu | ||
| 040 |
_aTR-AnTOB _beng _erda _cTR-AnTOB |
||
| 041 | 0 |
_atur _aeng |
|
| 044 | _ctu | ||
| 050 | 1 | 4 |
_aTR111 _b.T375 2009 |
| 090 |
_aTR111 _b.T375 2009 |
||
| 245 | 0 | 0 |
_aTarih ve kültür şehri Üsküdar : _bIII. fotoğraf yarışması = The city of history and culture Üsküdar : 3rd photography contest. |
| 264 | 1 |
_aİstanbul : _bÜsküdar Belediyesi, _c[2009]. |
|
| 300 |
_a60 pages : _bphotographs ; _c24 x30 cm |
||
| 650 | 0 |
_aFotoğrafçılık _zTürkiye _951638 |
|
| 651 | 0 |
_aİstanbul (Türkiye) _xGezi ve tanıtım _972831 |
|
| 942 |
_2lcc _cBK |
||